Bez tvůrčích lidí toho firma moc nevymyslí

Inovatívna firma a talenty vo firme. Systém na rozvoj talentov. Trénovanie a rozvíjanie tvorivosti. Systém na podchytenie nápadov. Systém na realizáciu nápadov. Stránka inovácií na podnikovom intranete.

Enregistré dans:
Détails bibliographiques
Auteur principal: Červený, Karel
Format: Chapitre de livre
Langue:tchèque
Sujets:
Tags: Ajouter un tag
Pas de tags, Soyez le premier à ajouter un tag!

MARC

LEADER 00000naa a2200000 4500
001 0243662
005 20180529092932.3
041 0 |a cze 
044 |a CZ 
245 1 0 |a Bez tvůrčích lidí toho firma moc nevymyslí  |c Karel Červený 
520 |a Inovatívna firma a talenty vo firme. Systém na rozvoj talentov. Trénovanie a rozvíjanie tvorivosti. Systém na podchytenie nápadov. Systém na realizáciu nápadov. Stránka inovácií na podnikovom intranete. 
610 2 0 |a firmy 
610 2 0 |a zamestnávatelia 
610 2 0 |a zamestnanci 
610 2 0 |a talenty 
610 2 0 |a inovácia 
610 2 0 |a kreativita 
610 2 0 |a systémy informačné organizácií 
100 1 |a Červený, Karel